000 00382nam a2200145Ia 4500
008 210210b1972 xxu||||| |||| 00| 0 eng d
082 _a512.2 LANI
100 _aLANG (Serge).
245 _aIntroduction to algebraic & abelian functions.
260 _aUSA
_bAddison-Wesley
_c1972
300 _ax,112
650 _aAlgebraic Abelian functions
690 _aAlgebra
906 _a040425
999 _c90274
_d90274